[Event "Wroclaw op-B"]
[Site "Wroclaw"]
[Date "2024.08.09"]
[Round "3"]
[White "Steinbach, Wolfgang"]
[Black "Junc, Ioan Stefan"]
[Result "0-1"]
[WhiteElo "1882"]
[BlackElo "1736"]
[PlyCount "104"]
[EventDate "2024.08.08"]
[EventType "swiss"]
[EventRounds "9"]
[EventCountry "POL"]
[SourceTitle "EXT 2025"]
[Source "ChessBase"]
[SourceDate "2024.10.14"]
[SourceVersion "1"]
[SourceVersionDate "2024.10.14"]
[SourceQuality "1"]

1. c3 Nf6 2. d4 d5 3. Nf3 c6 4. Qc2 Bg4 5. Ne5 Bh5 6. Qf5 Bg6 7. Qh3 Nbd7 8. Nxg6 fxg6 9. Qe6 Nb6 10. g3 Qd7 11. Bh3 Rd8 12. Bf4 Qxe6 13. Bxe6 Nbd7 14. Nd2 c5 15. Nf3 h6 16. Nh4 g5 17. Ng6 Rh7 18. Be3 cxd4 19. cxd4 Nb6 20. Bf5 Nc4 21. Nxf8 Nxe3 22. fxe3 Kxf8 23. Bxh7 Nxh7 24. e4 dxe4 25. e3 Nf6 26. Ke2 Nd5 27. a3 Rd6 28. Rac1 Rb6 29. Rc2 Rb3 30. Rf1+ Kg8 31. Rf2 Rxe3+ 32. Kf1 Rd3 33. Rce2 Ne3+ 34. Rxe3 Rxe3 35. Re2 Rxe2 36. Kxe2 Kf7 37. Ke3 Ke6 38. Kxe4 g6 39. g4 Kd6 40. Ke3 Kd5 41. Kd3 h5 42. h3 a6 43. Ke3 e5 44. dxe5 Kxe5 45. b4 b5 46. Kd3 Kf4 47. Kd4 hxg4 48. hxg4 Kxg4 49. Kc5 Kf5 50. Kb6 g4 51. Kxa6 g3 52. Kxb5 g2 0-1